Tài liệu dùng cho thi nâng ngạch từ giảng viên lên giảng viên chính Lưu hành nội bộ
.
Đã lưu trong:
| Tác giả chính: | |
|---|---|
| Định dạng: | Sách |
| Năm xuất bản: |
H.
[knxb]
2004
|
| Chủ đề: | |
| Tags: |
Thêm thẻ
Không có thẻ, Hãy là người đầu tiên gắn thẻ bản ghi này!
|
| LEADER | 01145nam a2200229 4500 | ||
|---|---|---|---|
| 082 | |a 344.59707 |b T103l. | ||
| 100 | |a Bộ Gáo dục và Đào tạo | ||
| 245 | |a Tài liệu dùng cho thi nâng ngạch từ giảng viên lên giảng viên chính |b Lưu hành nội bộ |c Bộ Gáo dục và Đào tạo | ||
| 260 | |a H. |c 2004 |b [knxb] | ||
| 300 | |a 350tr. |c 29cm | ||
| 520 | |a . | ||
| 653 | |a Pháp luật | ||
| 653 | |a Việt Nam | ||
| 653 | |a luật giáo dục | ||
| 653 | |a pháp lệnh | ||
| 653 | |a cán bộ | ||
| 653 | |a công chức | ||
| 942 | |2 ddc |c STK0 | ||
| 999 | |c 11437 |d 11437 | ||
| 952 | |0 0 |1 0 |2 ddc |4 0 |6 344_597070000000000_T103L |7 0 |8 300 |9 97890 |a qbu |b qbu |c D2 |d 2015-11-06 |g 30000 |o 344.59707 T103l |p 9855.c1 |r 0000-00-00 |w 2015-11-06 |y STK0 |0 0 |6 344_597070000000000_T103L | ||
| 952 | |0 0 |1 0 |2 ddc |4 0 |6 344_597070000000000_T103L |7 0 |8 300 |9 97891 |a qbu |b qbu |c D2 |d 2015-11-06 |g 30000 |o 344.59707 T103l |p 9855.c2 |r 0000-00-00 |w 2015-11-06 |y STK0 |0 0 |6 344_597070000000000_T103L | ||
| 952 | |0 0 |1 0 |2 ddc |4 0 |6 344_597070000000000_T103L |7 0 |8 300 |9 97892 |a qbu |b qbu |c D2 |d 2015-11-06 |g 30000 |o 344.59707 T103l |p 9855.c3 |r 0000-00-00 |w 2015-11-06 |y STK0 |0 0 |6 344_597070000000000_T103L | ||